LEADER 00973nam0-22003131i-450- 001 990000125470403321 035 $a000012547 035 $aFED01000012547 035 $a(Aleph)000012547FED01 035 $a000012547 100 $a20011111d--------km-y0itay50------ba 101 0 $aita 105 $ay-------001yy 200 1 $aManuale di telegrafia pratica$fdi R. S. Culley$esesta edizione riveduta ed ampliata$gversione dall'inglese con noteed aggiunte di Lamberto Cappanera. 205 $a2. ed. riv. ed ampl. 210 $aFirenze$cCoi tipi di M. Cellini e C.$d1876 215 $aXX, 638 p., 7 tav.$cill.$d24 cm 610 0 $aTelegrafia 676 $a384.1 700 1$aCulley,$bR. S.$0333536 702 1$aCappanera,$bLamberto 801 0$aIT$bUNINA$gRICA$2UNIMARC 901 $aBK 912 $a990000125470403321 952 $a13 AR 13 B 32$b595$fFINBC 959 $aFINBC 996 $aManuale di telegrafia pratica$9114327 997 $aUNINA DB $aING01 LEADER 01469nam 2200373Ia 450 001 996391862303316 005 20221107142907.0 035 $a(CKB)1000000000673952 035 $a(EEBO)2240862454 035 $a(OCoLC)767615124 035 $a(EXLCZ)991000000000673952 100 $a20111206d1652 uy 0 101 0 $aeng 135 $aurbn||||a|bb| 200 10$aBellum grammaticale$b[electronic resource] $eAd exemplar Mri. Alexandri Humii, in gratiam eorum, qui amoeniores Musas venerantur, editum 210 $aEdinburgi, $cExcudebant haeredes Georgii Andersoni$danno Dom. 1652 215 $a[6], 74 p 300 $aAttributed by STC and Wing to Andrea Guarna. 300 $aA dramatized version of: Guarna, Andrea. Bellum grammaticale nominis & verbi regum, de principalitate orationis inter se contendentium; sometimes attributed to Leonard Hutton. Cf. STC. 300 $aCopy stained and closely cropped at head and foot. 300 $aReproduction of the original in the British Library. 330 $aeebo-0046 606 $aLatin language$xGrammar$vEarly works to 1800 606 $aLatin language$xGrammar$vHumor$vEarly works to 1800 615 0$aLatin language$xGrammar 615 0$aLatin language$xGrammar 700 $aGuarna$b Andrea$0479360 701 $aHutten$b Leonard$01004771 801 0$bUMI 801 1$bUMI 906 $aBOOK 912 $a996391862303316 996 $aBellum grammaticale$92405509 997 $aUNISA LEADER 01650nam 2200505 450 001 9910671658303321 005 20211102235138.0 010 $a1-5129-1654-4 035 $a(CKB)3360000000459340 035 $a(SSID)ssj0000917609 035 $a(PQKBManifestationID)12320439 035 $a(PQKBTitleCode)TC0000917609 035 $a(PQKBWorkID)10892295 035 $a(PQKB)11636031 035 $a(MiAaPQ)EBC3210549 035 $a(EXLCZ)993360000000459340 100 $a20150210d2008 uy 0 101 0 $aspa 135 $aurcnu|||||||| 181 $ctxt 182 $cc 183 $acr 200 04$aLos precedentes vinculantes del Tribunal Constitucional (2007-2008) /$fEdgar Carpio Marcos, Pedro Gonza?lez Castro 210 1$aLima :$cPalestra ediciones,$d2008. 215 $a1 online resource (137 pa?ginas) 225 1 $aCuadernos de ana?lisis y cri?tica de la jurisprudencia constitucional ;$v6 300 $aBibliographic Level Mode of Issuance: Monograph 311 $a9972-224-87-2 410 0$aCuadernos de ana?lisis y cri?tica de la jurisprudencia constitucional ;$v6. 606 $aConstitutional courts$zPeru 606 $aDerecho constitucional 606 $aTribunal 615 0$aConstitutional courts 615 4$aDerecho constitucional. 615 4$aTribunal. 676 $a342.85 702 $aCarpio Marcos$b Edgar 702 $aGonza?lez Castro$b Pedro 801 0$bMiAaPQ 801 1$bMiAaPQ 801 2$bMiAaPQ 906 $aBOOK 912 $a9910671658303321 996 $aLos precedentes vinculantes del Tribunal Constitucional (2007-2008)$93053898 997 $aUNINA